Vzdelávanie zamestnancov v podniku Hubert J.E., spol. s r.o.

Saved in:
Bibliographic Details
Main Author: Jankechová, Marcela, 1990- (Author)
Other Authors: Podařil, Martin, 1987- (Thesis advisor)
Format: Manuscript Book
Language:Slovak
Published: Trnava : STU v Bratislave MTF UPMK, 2012
Subjects:
Online Access:VAIS
Tags: Add Tag
No Tags, Be the first to tag this record!

MARC

LEADER 00000ntm a22000003a 4500
001 stu251407
005 20150617230203.8
008 120719s2012----xo------------------slo-d
040 |a STU  |b slo 
041 0 |a slo 
044 |a xo 
100 1 |a Jankechová, Marcela,  |d 1990-  |4 aut  |u M  |T MTF Materiálovotechnologická fakulta  |X 66195  |U M  |Y 60  |7 A000066195 
242 0 0 |a Education of employees in the factory Hubert J. E. spol. s r. o.  |y eng 
245 1 |a Vzdelávanie zamestnancov v podniku Hubert J.E., spol. s r.o. 
260 |a Trnava :  |b STU v Bratislave MTF UPMK,  |c 2012 
300 |a 64s  |c CD ROM 
650 7 |a personálna práca v priemyselnom podniku  |2 stusub 
650 7 |a Personnel Policy in Industrial Plant  |2 estusub 
650 7 |a education  |2 estusub 
650 7 |a systém vzdelávania  |2 stusub 
650 7 |a metódy vzdelávania  |2 stusub 
650 7 |a zamestnanci  |2 stusub 
650 7 |a rozvoj  |2 stusub 
650 7 |a vzdelávanie  |2 stusub 
700 1 |a Podařil, Martin,  |d 1987-  |4 ths  |u M7000  |T MTF Ústav inžinierskej pedagogiky a humatitných vied  |X 25239  |U M7000  |Y M7000  |7 A000025239 
856 4 |a info a plný text  |u http://is.stuba.sk/zp/portal_zp.pl?podrobnosti=66265  |3 VAIS 
996 |c M*BP-5803  |l MMSKP  |s P  |a 0  |w stu251407_0001